Agreement to arbitrate (Record no. 76937)

MARC details
000 -LEADER
fixed length control field 01223cab a2200181 4500
001 - CONTROL NUMBER
control field ##L133328
008 - FIXED-LENGTH DATA ELEMENTS--GENERAL INFORMATION
fixed length control field 060502n2006 000 0 eng u
035 ## - SYSTEM CONTROL NUMBER
System control number (Sirsi) u133328
041 0# - LANGUAGE CODE
Language code of text/sound track or separate title eng
245 00 - TITLE STATEMENT
Title Agreement to arbitrate
260 ## - PUBLICATION, DISTRIBUTION, ETC.
Date of publication, distribution, etc. 2006
490 #0 - SERIES STATEMENT
Series statement Arbitration Law Monthly
Volume/sequential designation 6(5) May 2006, 9-10(2)
520 ## - SUMMARY, ETC.
Summary, etc. In "Axa Re v Ace Global Markets Ltd" ([2006] EWHC 216 Comm, unreported), the court had to decide whether reference in a reinsurance agreement requiring arbitration in London prevailed over an express clause declaring that English law and jurisdiction applied, in the event that they could not be reconciled. It was held that there was no basis for giving priority to the law and jurisdiction clause, and that the two conflicting clauses could be reconciled. The court was satisfied that the arbitration clause was incorporated by reference, as both parties were aware of it, and that the law and jurisdiction clause did not preclude such incorporation.
590 ## - LOCAL NOTE (RLIN)
Local note IKA090506
650 24 - SUBJECT ADDED ENTRY--TOPICAL TERM
Topical term or geographic name entry element AXA RE V ACE GLOBAL MARKETS LTD
690 ## - LOCAL SUBJECT ADDED ENTRY--TOPICAL TERM (OCLC, RLIN)
Topical term or geographic name as entry element MANAGEMENT-DISPUTE AVOIDANCE, MANAGEMENT AND RESOLUTION-DISPUTE MANAGEMENT AND RESOLUTION-ARBITRATION-ARBITRATORS-ARBITRATORS' JURISDICTION
942 ## - ADDED ENTRY ELEMENTS (KOHA)
Suppress in OPAC 0
Holdings
Withdrawn status Lost status Source of classification or shelving scheme Damaged status Not for loan Home library Current library Shelving location Date acquired Total Checkouts Full call number Barcode Date last seen Copy number Price effective from Koha item type
    Dewey Decimal Classification     London London Journal article 03/05/2006   L133328 133328-1001 06/08/2019 1 06/08/2019 Journal article